000 00638nam a2200193Ia 4500
008 151121s9999||||xx |||||||||||||| ||und||
082 _a910/कुंडेट
082 _bHNW-113406
100 _aकुंडेटकर पुर्णिमा
245 _aचाय चाय
260 _b"मेहता पब्लिशिंग हाऊस, पुणे।"
260 _c2011
300 _a166
600 _aकुंडेटकर पुर्णिमा
630 _aचाय चाय
700 _aकुंडेटकर पुर्णिमा
730 _aचाय चाय
942 _cBOOK
999 _c1262533
_d1262530